| 000 | 01972nam a2200337 a 4500 | ||
|---|---|---|---|
| 001 | BRCA_5122 | ||
| 005 | 20190320204940.0 | ||
| 008 | 191110s1839----mx-######v---#000-0#spa-# | ||
| 041 | _aspa | ||
| 044 | _amx | ||
| 084 |
_aDOC101 _b.G67 _c1839 |
||
| 100 | 1 |
_aGoroztiza y Cepeda, Manuel María del Pilar Eduardo _d1789-1851 _913068 |
|
| 245 | 1 | 0 |
_aDocumento expedido a Eduardo Goroztiza _cEduardo Goroztiza, Anastasio Bustamante, Pedro Escandón. |
| 260 |
_aMéxico _c1839 |
||
| 300 |
_a[1] foja _c31 x 21 cm |
||
| 500 | _aDocumento firmado el 12 de febrero de 1839 por Anastasio Bustamante y Eduardo Goroztiza. | ||
| 500 |
_aEl C. Anastasio Bustamante, General de División y Presidente de la República Mexicana nombra a Don Eduardo Goroztiza para que ocupe la plaza vacante de Oficial de la Legación Mexicana en España por promoción de Don Pedro Escandón conforme la ley del 25 de mayo de 1831, sueldo de _1,500 como escribiente Segundo del Ministerio de Relaciones Exteriores |
||
| 500 | _aEl documento contiene la leyenda DOC. #262 | ||
| 500 | _aPapel con marca de agua | ||
| 500 | _aAl margen: ESCUDO NACIONAL MEXICANO ABULTADO Y ENCABEZADO CON SELLO NACIONAL (Águila Republicana) Y LEYENDA: SELLO PRIMERO SEIS PESOS PARA LOS AÑOS DE MIL OCHOCIENTOS TREINTA Y OCHO Y OCHOCIENTOS TREINTA Y NUEVA. | ||
| 500 | _aEstado de conservación: contiene acidez en el sello placa con el Águila Repúblicana | ||
| 506 | 0 | _aFondo reservado: para su consulta es necesario credencial de usuario y carta de motivos | |
| 546 | _aTexto en: español de mediados del siglo XIX | ||
| 600 | 1 | 4 |
_aGoroztiza y Cepeda, Manuel María del Pilar Eduardo _d1789-1851 _913068 |
| 650 | 1 | 4 |
_aRelaciones internacionales _vImpreso con rúbricas _xDocumentos legales _913069 |
| 651 | 4 |
_aMéxico _xHistoria _yFederalismo y centralismo, 1824-1853 _912576 |
|
| 700 | 1 |
_aBustamante, Anastasio _d1780-1853 _913070 |
|
| 700 | 1 |
_aEscandón, Pedro _913071 |
|
| 902 | _aFDH | ||
| 942 |
_2lcc _cD |
||
| 999 |
_c4816 _d4816 |
||